[Event "9th Sunway Sitges 2022"]
[Site "Sitges ESP"]
[Date "2022.12.19"]
[Round "7.49"]
[White "Leisch, Lukas"]
[Black "Rakshitta, Ravi"]
[Result "1/2-1/2"]
[WhiteTitle "IM"]
[BlackTitle "WIM"]
[WhiteElo "2405"]
[BlackElo "2242"]
[WhiteFideId "1632094"]
[BlackFideId "25073230"]
[EventDate "2022.12.12"]

1. Nf3 Nf6 2. d4 d5 3. Nbd2 Bf5 4. e3 e6 5. Ne5 h6 6. Bd3 Bxd3 7. Nxd3 Nbd7 8.
b3 c5 9. Bb2 Rc8 10. c4 cxd4 11. Bxd4 Nc5 12. Ne5 dxc4 13. Ndxc4 b5 14. Nd2 Qd5
15. O-O Bd6 16. Ng4 Ncd7 17. Nxf6+ gxf6 18. Rc1 Rxc1 19. Qxc1 Ke7 20. Rd1 Rg8
21. g3 h5 22. Bb2 Qb7 23. Qc2 f5 24. Rc1 h4 25. Qc6 Qxc6 26. Rxc6 Be5 27. Ba3+
Kf6 28. f4 Bb8 29. Kf2 hxg3+ 30. hxg3 Kg6 31. Bb2 Rd8 32. Nf3 Nb6 33. Rc1 Rc8
34. Rxc8 Nxc8 35. Nd4 a6 36. Nc6 Bd6 37. Be5 Ne7 38. Bxd6 Nxc6 39. Kf3 Kh5 40.
a4 Na5 41. axb5 axb5 42. b4 Nc4 43. Be7 Kg6 44. Ke2 Kh5 45. Kf3 Nd2+ 46. Ke2 Ne4
47. Kf3 Nc3 48. Bc5 Kg6 49. g4 fxg4+ 50. Kxg4 f5+ 51. Kf3 Kf7 52. Bd4 Ne4 53.
Ke2 Ke7 54. Kd3 Kd6 55. Bg7 Kd5 56. Bd4 Nd6 57. Be5 Nc8 58. Bf6 Na7 59. Be5 Nc6
60. Bc3 e5 61. fxe5 Nxe5+ 62. Bxe5 Kxe5 63. Kd2 Kd6 64. Kc3 Kd5 65. Kd3 Ke5 66.
Kd2 Ke4 67. Ke2 1/2-1/2

[Event "9th Sunway Sitges 2022"]
[Site "Sitges ESP"]
[Date "2022.12.19"]
[Round "7.50"]
[White "Ojas, Kulkarni"]
[Black "Salimova, Nurgyul"]
[Result "0-1"]
[BlackTitle "IM"]
[WhiteElo "2196"]
[BlackElo "2390"]
[WhiteFideId "25040073"]
[BlackFideId "2915138"]
[EventDate "2022.12.12"]

1. d4 d5 2. Nf3 Nf6 3. Bf4 c5 4. e3 Nc6 5. Nbd2 cxd4 6. exd4 Nh5 7. Be3 g6 8.
Be2 Ng7 9. c4 e6 10. cxd5 exd5 11. Bb5 Bd6 12. O-O O-O 13. Bh6 Nxd4 14. Bxg7
Nxf3+ 15. Nxf3 Kxg7 16. Qd4+ Kg8 17. Rad1 Be6 18. Ba4 Be7 19. Bb3 Bf6 20. Qd2
Qb6 21. Nd4 Bg4 22. f3 Be6 23. Rf2 a5 24. Nxe6 fxe6 25. Kh1 a4 26. Bc2 Bxb2 27.
Rb1 a3 28. Re2 Rac8 29. Bb3 Kg7 30. Rd1 Rc7 31. Qg5 Bf6 32. Qg4 Rc6 33. Rde1
Rfc8 34. Qa4 Qa6 35. Qxa6 Rxa6 36. g3 Rc3 37. Re3 Rb6 38. Rxc3 Bxc3 39. Rb1 Bb2
40. Bc2 Rc6 41. Bd3 Rc3 42. Rd1 Rc5 43. Rd2 Rc1+ 44. Kg2 Ra1 45. Bc2 Rxa2 46.
Bb3 Ra1 47. Kh3 Rc1 0-1

[Event "9th Sunway Sitges 2022"]
[Site "Sitges ESP"]
[Date "2022.12.19"]
[Round "7.51"]
[White "Kanov, Nikola"]
[Black "Voiteanu, Gabriel"]
[Result "1-0"]
[WhiteTitle "FM"]
[BlackTitle "FM"]
[WhiteElo "2377"]
[BlackElo "2152"]
[WhiteFideId "2928531"]
[BlackFideId "1208810"]
[EventDate "2022.12.12"]

1. e4 e5 2. Nf3 Nf6 3. Nxe5 d6 4. Nf3 Nxe4 5. d4 d5 6. Bd3 Be7 7. O-O Nc6 8.
Nbd2 Bf5 9. Re1 Nd6 10. Nf1 O-O 11. Bf4 Bxd3 12. Qxd3 Bf6 13. Ne3 Nc4 14. b3
Nxe3 15. fxe3 Ne7 16. Qb5 b6 17. Rad1 c6 18. Qd3 Ng6 19. Bg3 Re8 20. e4 dxe4 21.
Rxe4 Qd5 22. Rxe8+ Rxe8 23. c4 Qe4 24. Qxe4 Rxe4 25. d5 cxd5 26. cxd5 Re7 27.
Rc1 Rd7 28. d6 Bd8 29. Rc8 f5 30. Nd4 f4 31. Be1 Nf8 32. Nc6 Bf6 33. Bb4 a5 34.
Ba3 Kf7 35. Rb8 Ne6 36. Rxb6 Nd4 37. Nxa5 Ne2+ 38. Kf1 Nc3 39. Nb7 Nd5 40. Rb5
Nc3 41. Rc5 Nxa2 42. Rc6 Be5 43. Na5 Ke6 44. Nc4 Bd4 45. Ke2 Nc3+ 46. Kd3 Nb5
47. Bb4 Kd5 48. Ra6 Rb7 49. Ra5 Ke6 50. Ke4 g5 51. Ra6 h5 52. h3 Bg7 53. Ra8 Nd4
54. Bc3 Nf5 55. Bxg7 Nxg7 56. Ra5 Kf6 57. Ra6 Rxb3 58. d7+ Ke7 59. Ra8 Ne6 60.
Ne5 Nc5+ 61. Kf5 Nxd7 62. Ra7 Rg3 63. Rxd7+ Ke8 64. Rd2 Ke7 65. Nf3 g4 66. Kxf4 1-0

[Event "9th Sunway Sitges 2022"]
[Site "Sitges ESP"]
[Date "2022.12.19"]
[Round "7.52"]
[White "Wagh, Suyog"]
[Black "Sherman, Reem"]
[Result "0-1"]
[WhiteTitle "FM"]
[WhiteElo "2376"]
[BlackElo "2179"]
[WhiteFideId "25071688"]
[BlackFideId "2822288"]
[EventDate "2022.12.12"]

1. d4 Nf6 2. c4 g6 3. g3 Bg7 4. Bg2 O-O 5. Nc3 Nc6 6. Nf3 d5 7. cxd5 Nxd5 8. O-O
Nxc3 9. bxc3 e5 10. e3 Rb8 11. Nd2 Na5 12. Ba3 Re8 13. d5 b6 14. Rc1 Bf8 15.
Bxf8 Kxf8 16. c4 Nb7 17. Nb3 a5 18. c5 a4 19. c6 Nd6 20. Nd2 Ra8 21. e4 Kg7 22.
f4 f6 23. Rf2 Qe7 24. Qc2 Nb5 25. Qb2 Nd4 26. fxe5 fxe5 27. Nf3 a3 28. Qc3 Ra4
29. Qd2 Rf8 30. Nxd4 Rxd4 31. Qe3 Rxf2 32. Qxf2 Ba6 33. Qe3 Rc4 34. Bf1 Rxc1 35.
Qxc1 Bxf1 36. Kxf1 Qb4 37. Qc2 Qb2 38. Qc4 b5 39. Qc5 Qb1+ 40. Kg2 Qxe4+ 41. Kf2
b4 42. d6 cxd6 43. Qxd6 b3 44. Qxa3 Qd4+ 45. Kf3 b2 46. Qb3 e4+ 47. Kg2 e3 48.
c7 Qe4+ 49. Kh3 Qf5+ 50. Kg2 Qf2+ 51. Kh3 Qf1+ 52. Kh4 b1=Q 53. Qxb1 Qxb1 54.
c8=Q Qe4+ 55. Kh3 e2 56. Qc3+ Kh6 57. Qd2+ g5 58. Qd6+ Kh5 0-1

[Event "9th Sunway Sitges 2022"]
[Site "Sitges ESP"]
[Date "2022.12.19"]
[Round "7.53"]
[White "Valenzuela Gomez, Fernando"]
[Black "Jeet, Jain"]
[Result "1-0"]
[WhiteTitle "IM"]
[BlackTitle "FM"]
[WhiteElo "2361"]
[BlackElo "2141"]
[WhiteFideId "3409392"]
[BlackFideId "5073022"]
[EventDate "2022.12.12"]

1. d4 d5 2. c4 e6 3. Nc3 Be7 4. Nf3 Nf6 5. Bf4 O-O 6. e3 b6 7. Bd3 dxc4 8. Bxc4
Bb7 9. O-O a6 10. Qe2 b5 11. Bd3 Nbd7 12. Rfd1 Rc8 13. a4 b4 14. Nb1 a5 15. Nbd2
c5 16. Bg3 cxd4 17. Nxd4 Nc5 18. Bb5 Qb6 19. f3 Ne8 20. Nc4 Qa7 21. Rac1 h5 22.
Bxe8 Rfxe8 23. Nb5 Qa6 24. Nc7 Rxc7 25. Bxc7 Bc6 26. Bd6 Nb3 27. Rc2 Bxa4 28.
Bxe7 Rxe7 29. Rd6 Qb5 30. Rd8+ Kh7 31. Qd3+ Qf5 32. Nb6 Qxd3 33. Rxd3 Na1 34.
Rc5 Bc2 35. Rd6 a4 36. Nxa4 Ra7 37. Nb6 Ra2 38. Nc4 Bb3 39. Rd2 h4 40. Rh5+ Kg6
41. Rxh4 Nc2 42. Rg4+ Kf6 43. Rf4+ Ke7 44. Ne5 f5 45. Rh4 Ba4 46. b3 Bb5 47. Kf2
Kf6 48. f4 Ba4 49. Rh8 Bxb3 50. Rf8+ 1-0

[Event "9th Sunway Sitges 2022"]
[Site "Sitges ESP"]
[Date "2022.12.19"]
[Round "7.54"]
[White "Arhan, Chethan Anand"]
[Black "Nawin, J J"]
[Result "0-1"]
[BlackTitle "FM"]
[WhiteElo "2112"]
[BlackElo "2351"]
[WhiteFideId "45062510"]
[BlackFideId "45031231"]
[EventDate "2022.12.12"]

1. d4 Nf6 2. c4 e6 3. Nf3 Bb4+ 4. Bd2 a5 5. a3 Bxd2+ 6. Qxd2 b6 7. e3 d6 8. Nc3
O-O 9. Bd3 Nbd7 10. O-O Bb7 11. e4 e5 12. d5 Nc5 13. Bc2 a4 14. Qd1 Qe8 15. Nd2
Bc8 16. Qe2 Bd7 17. g3 b5 18. f4 bxc4 19. Nxc4 Bg4 20. Qg2 Bc8 21. fxe5 Ng4 22.
exd6 Ba6 23. Rf4 Bxc4 24. Rxg4 cxd6 25. Qd2 Qe5 26. Rg5 Qe7 27. e5 dxe5 28. Rg4
e4 29. Qd4 f5 30. Qxc4 Qa7 31. Rf4 Nb3+ 32. Kg2 Nxa1 33. Bxa4 Rab8 34. Qa2 g5
35. Rf1 f4 36. gxf4 gxf4 37. Qxa1 f3+ 38. Kh1 e3 39. Rg1+ Kh8 40. Nd1 Qd4 41.
Nxe3 f2 42. Rg2 Rf6 43. Qc1 Qxa4 44. Rxf2 Rxf2 45. Qc3+ Kg8 46. Qe5 Qf4 47. Qe6+
Kh8 48. Qh3 Rg8 49. Ng4 Qe4+ 50. Kg1 Qe1+ 0-1

[Event "9th Sunway Sitges 2022"]
[Site "Sitges ESP"]
[Date "2022.12.19"]
[Round "7.55"]
[White "Krasteva, Beloslava"]
[Black "Gugan G"]
[Result "0-1"]
[WhiteTitle "FM"]
[WhiteElo "2350"]
[BlackElo "2126"]
[WhiteFideId "2922029"]
[BlackFideId "45092931"]
[EventDate "2022.12.12"]

1. d4 e6 2. Bf4 Nf6 3. Nf3 c5 4. e3 Nc6 5. Nbd2 d5 6. c3 Bd6 7. Bg3 O-O 8. Bd3
Qe7 9. Ne5 Nd7 10. Nxd7 Bxd7 11. Bxd6 Qxd6 12. dxc5 Qxc5 13. Bxh7+ Kxh7 14. Qh5+
Kg8 15. Ne4 Qc4 16. Ng5 Rfd8 17. Qxf7+ Kh8 18. Qh5+ Kg8 19. Qh7+ Kf8 20. Qh8+
Ke7 21. Qxg7+ Kd6 22. Nf7+ Kc7 23. Nxd8 Rxd8 24. h4 e5 25. Qf7 Kb8 26. h5 Nb4
27. Qe7 Nd3+ 28. Kd2 Kc8 29. b3 Qa6 30. f3 Nf2 31. Qc5+ Bc6 32. Rhf1 d4 33. c4
dxe3+ 34. Ke2 Nd3 35. Qxe3 Qa3 36. Rfb1 Nf4+ 37. Kf1 Qe7 38. Rd1 Rg8 39. Rd2 Qh4
40. Qxa7 Qh1+ 41. Qg1 Qxh5 42. Qa7 Qh1+ 43. Qg1 Qxg1+ 44. Kxg1 Bxf3 45. Kh2 Bxg2
46. Rg1 Rh8+ 47. Kg3 Bc6 48. Rh2 Rxh2 49. Kxh2 e4 50. Re1 Nd3 51. Re2 Kd7 52. a3
Ke6 53. b4 Ke5 54. b5 Be8 55. a4 Bh5 56. Ra2 e3 57. a5 e2 58. Rxe2+ Bxe2 59. a6
b6 60. Kg3 Ne1 61. a7 Bf3 62. c5 bxc5 63. Kf2 Kd4 64. Kxe1 Kc4 65. b6 Kb5 66.
Kd2 Kxb6 0-1

[Event "9th Sunway Sitges 2022"]
[Site "Sitges ESP"]
[Date "2022.12.19"]
[Round "7.56"]
[White "Divya, Deshmukh"]
[Black "Rodriguez Diaz, Javier"]
[Result "1-0"]
[WhiteTitle "WGM"]
[WhiteElo "2347"]
[BlackElo "2084"]
[WhiteFideId "35006916"]
[BlackFideId "32044186"]
[EventDate "2022.12.12"]

1. d4 Nf6 2. Nc3 d5 3. Bf4 a6 4. e3 e6 5. Nf3 c5 6. a3 Nc6 7. Bd3 b5 8. dxc5
Bxc5 9. e4 Qb6 10. O-O dxe4 11. Nxe4 Nxe4 12. Bxe4 Bb7 13. Ng5 Be7 14. Qh5 g6
15. Qh6 Qd4 16. Rfe1 Qf6 17. Bxc6+ Bxc6 18. Be5 Qxg5 19. Qxg5 Bxg5 20. Bxh8
O-O-O 21. Bc3 Kb7 22. Red1 Rc8 23. Rd3 Bd5 24. a4 Rc4 25. axb5 axb5 26. Rd4 Rc7
27. h4 Be7 28. g3 h5 29. Rd2 Bc5 30. Be5 Rc8 31. c3 b4 32. cxb4 Bxb4 33. Rd4 Bc5
34. Rda4 Bc6 35. Rc4 Bd5 36. Rc3 f6 37. Rac1 fxe5 38. Rxc5 Ra8 39. Rb5+ Ka6 40.
Rbc5 Rb8 41. R1c2 Rb3 42. R5c3 Rb4 43. Re3 Rd4 44. Kf1 e4 45. Ra3+ Kb5 46. Ke2
Bc4+ 47. Ke3 e5 48. Rac3 Kb4 49. Rxc4+ 1-0

[Event "9th Sunway Sitges 2022"]
[Site "Sitges ESP"]
[Date "2022.12.19"]
[Round "7.57"]
[White "Dietrich, Peter"]
[Black "Sarkar, Justin"]
[Result "1/2-1/2"]
[BlackTitle "IM"]
[WhiteElo "2015"]
[BlackElo "2343"]
[WhiteFideId "1674897"]
[BlackFideId "2010011"]
[EventDate "2022.12.12"]

1. e4 e5 2. Nf3 Nc6 3. Bb5 a6 4. Ba4 Nf6 5. O-O Bc5 6. d3 b5 7. Bb3 d6 8. h3 h6
9. c3 O-O 10. Re1 Re8 11. Nbd2 Bb6 12. Nf1 d5 13. Ng3 Be6 14. Be3 d4 15. cxd4
Nxd4 16. Nxd4 Bxd4 17. Bxd4 Qxd4 18. Qc2 c5 19. Rac1 Rac8 20. Qc3 c4 21. dxc4
Qxc3 22. Rxc3 bxc4 23. Ba4 Red8 24. Rd1 Rd4 25. f3 Rb8 26. Rb1 Nd7 27. Bxd7 Rxd7
28. Rc2 Rbd8 29. Nf1 f5 30. Ng3 f4 31. Ne2 Rd2 32. Rbc1 Kf7 33. Kf1 Rd1+ 34.
Rxd1 Rxd1+ 35. Kf2 Ke7 36. Nc3 Rd4 37. Ke2 g5 38. Rc1 h5 39. Rh1 Rd7 40. Rc1 Rd3
41. Rh1 Kd6 42. Rd1 Rxd1 43. Kxd1 g4 44. hxg4 hxg4 45. Kd2 Kc5 46. a3 gxf3 47.
gxf3 Bf7 48. Ke2 Kd4 49. Kd2 Bh5 50. Ke2 1/2-1/2

[Event "9th Sunway Sitges 2022"]
[Site "Sitges ESP"]
[Date "2022.12.19"]
[Round "7.58"]
[White "Ilamparthi, A R"]
[Black "Korkmaz, Necmettin"]
[Result "1-0"]
[BlackTitle "CM"]
[WhiteElo "2336"]
[BlackElo "2077"]
[WhiteFideId "45015775"]
[BlackFideId "6303285"]
[EventDate "2022.12.12"]

1. e4 e6 2. d4 d5 3. Nd2 c5 4. Ngf3 cxd4 5. Nxd4 Nf6 6. exd5 exd5 7. Bb5+ Bd7 8.
Qe2+ Be7 9. Nf5 Nc6 10. Bxc6 bxc6 11. Nxe7 Qxe7 12. Qxe7+ Kxe7 13. Nb3 Rhe8 14.
Be3 Ng4 15. Bc5+ Kd8+ 16. Kd2 Kc7 17. Rae1 Ne5 18. Bd4 f6 19. Nc5 Bf5 20. f3 h5
21. a3 h4 22. h3 Re7 23. b3 Rae8 24. Re3 Kd6 25. Na4 Nd7 26. Rxe7 Rxe7 27. Bxa7
Bxc2 28. Kxc2 Re2+ 29. Kc3 Rxg2 30. Nb6 Ne5 31. f4 Rg3+ 32. Kc2 Rg2+ 33. Kb1 Nd3
34. Rd1 Rb2+ 35. Ka1 Rxb3 36. a4 Kc7 37. Ka2 Rc3 38. a5 Kb7 39. Na4 Rc4 40. Rxd3
Rxa4+ 41. Kb3 Rxf4 42. Bb6 Ka6 43. Rc3 Kb7 44. Re3 Ka6 45. Re8 c5 46. Bc7 Rb4+
47. Ka3 Rb7 48. Bb6 Rd7 49. Ka4 c4 50. Bc5 Rc7 51. Re6+ Kb7 52. a6+ 1-0

[Event "9th Sunway Sitges 2022"]
[Site "Sitges ESP"]
[Date "2022.12.19"]
[Round "7.59"]
[White "Milat, Marcel"]
[Black "Vignesh, B"]
[Result "0-1"]
[WhiteTitle "FM"]
[WhiteElo "2290"]
[BlackElo "2032"]
[WhiteFideId "2602105"]
[BlackFideId "35051555"]
[EventDate "2022.12.12"]

1. Nf3 g6 2. d4 Bg7 3. c4 c5 4. d5 b5 5. cxb5 a6 6. bxa6 Bxa6 7. Nc3 d6 8. g3
Nd7 9. Bg2 Ngf6 10. Rb1 Ng4 11. Bd2 O-O 12. b3 Qc7 13. O-O Rfb8 14. h3 Ngf6 15.
Ne1 Qd8 16. Nc2 Ne8 17. a4 Ne5 18. Kh2 Ra7 19. b4 Nc4 20. Be1 Bc8 21. b5 Nb6 22.
Ne3 Bxc3 23. Bxc3 Rxa4 24. Ra1 Rba8 25. Qd3 Nf6 26. Rfb1 Bd7 27. f4 Qe8 28. Bf3
Rxa1 29. Bxa1 Ra2 30. Ng4 h5 31. Nxf6+ exf6 32. Bxf6 Bf5 33. Qd1 Bxb1 34. Qxb1
Rxe2+ 35. Bxe2 Qxe2+ 36. Kg1 Nxd5 37. Ba1 Qe3+ 38. Kg2 Qe2+ 39. Kg1 Qe3+ 40. Kg2
Qd2+ 41. Kg1 c4 42. b6 Qe3+ 43. Kg2 Qxb6 44. Qe4 Qc6 45. Kh2 Qa4 46. Bd4 Nb4 47.
Qe1 Nc2 48. Qd1 Qa2 0-1

[Event "9th Sunway Sitges 2022"]
[Site "Sitges ESP"]
[Date "2022.12.19"]
[Round "7.60"]
[White "Shailesh, Dravid"]
[Black "Chia, Yu Zhe Ashton"]
[Result "1/2-1/2"]
[WhiteTitle "FM"]
[WhiteElo "2286"]
[BlackElo "1970"]
[WhiteFideId "25017969"]
[BlackFideId "5821304"]
[EventDate "2022.12.12"]

1. e4 c5 2. Nf3 Nc6 3. d4 cxd4 4. Nxd4 e5 5. Nb5 a6 6. Nd6+ Bxd6 7. Qxd6 Qf6 8.
Qxf6 Nxf6 9. Nc3 Nb4 10. Bd3 d6 11. Bg5 Be6 12. O-O-O Rc8 13. Kb1 h6 14. Bxf6
gxf6 15. Be2 Ke7 16. Rhf1 f5 17. a3 Nc6 18. exf5 Bxf5 19. f4 Nd4 20. Bd3 Ke6 21.
Be4 Bxe4 22. Nxe4 f5 23. Nxd6 Kxd6 24. c3 Kc5 25. fxe5 Nc6 26. Rxf5 Rhf8 27. Rh5
Rf2 28. g4 Re2 29. Rd7 Rxe5 30. Rxh6 Kb6 31. Rhh7 Re2 32. Rxb7+ Kc5 33. Rh5+ Ne5
34. g5 Kc6 35. Rhh7 Rf8 36. a4 Rf4 37. a5 Rff2 38. Rb6+ Kd5 39. Rh4 Nf3 40. Rg4
Nd2+ 41. Ka1 Ne4 42. g6 Re1+ 43. Ka2 Rff1 44. Ka3 Rg1 45. Rxg1 Rxg1 46. Rxa6 Nc5
47. Rb6 Nd7 48. Rb5+ Kc6 49. Rf5 Rxg6 50. b4 Rh6 51. Rf2 Rh3 52. Kb3 Ne5 53. a6
Kb6 54. b5 Nd7 55. Rd2 Nc5+ 56. Kb4 Nd3+ 57. Kc4 Ne5+ 58. Kd5 Rh5 59. Ke6 Nc4
60. Ra2 Ka7 61. Ra4 Rh6+ 62. Ke7 Nb6 63. Rg4 Rxh2 64. Rg7 Rh6 65. Ke8+ Kb8 66.
Rb7+ Ka8 67. Kd8 Rh8+ 68. Kc7 Nd5+ 69. Kc6 Nxc3 70. b6 Rh6+ 71. Kc5 Na4+ 72. Kb5
Rxb6+ 73. Rxb6 Nxb6 74. Kxb6 Kb8 75. a7+ Ka8 1/2-1/2

[Event "9th Sunway Sitges 2022"]
[Site "Sitges ESP"]
[Date "2022.12.19"]
[Round "7.61"]
[White "Mompel Ferruz, Xavier"]
[Black "Enkhtuul, Altan-Ulzii"]
[Result "1-0"]
[BlackTitle "WGM"]
[WhiteElo "1953"]
[BlackElo "2285"]
[WhiteFideId "54585775"]
[BlackFideId "4901444"]
[EventDate "2022.12.12"]

1. e4 c6 2. Nf3 d5 3. Nc3 dxe4 4. Nxe4 Nf6 5. Ng3 g6 6. d4 Bg4 7. c3 Bg7 8. Bc4
O-O 9. h3 Bd7 10. O-O a5 11. Ne5 b5 12. Bd3 Na6 13. a4 bxa4 14. Qxa4 c5 15. Nxd7
Nxd7 16. Bxa6 Rxa6 17. dxc5 Qc7 18. Qb5 Rfa8 19. Be3 a4 20. Rfd1 Nf8 21. Ra3 h5
22. Rda1 Re6 23. Nf1 Rd8 24. Qe2 Qxc5 25. Rxa4 Qd5 26. Ra5 Qb3 27. R1a2 f5 28.
R5a3 Qd5 29. Qd2 Qc4 30. Ra4 Qb3 31. Bd4 Rb8 32. R4a3 Qb5 33. Ne3 Kh7 34. Ra5
Qd7 35. Nd5 Rd8 36. Nf6+ Bxf6 1-0

[Event "9th Sunway Sitges 2022"]
[Site "Sitges ESP"]
[Date "2022.12.19"]
[Round "7.63"]
[White "Clarke, Brandon G I"]
[Black "Lye, Lik Zang"]
[Result "1-0"]
[WhiteTitle "IM"]
[BlackTitle "FM"]
[WhiteElo "2484"]
[BlackElo "2241"]
[WhiteFideId "400319"]
[BlackFideId "5712181"]
[EventDate "2022.12.12"]

1. e4 c5 2. Nf3 d6 3. d4 cxd4 4. Nxd4 Nf6 5. Nc3 Nc6 6. Bg5 Bd7 7. Qd2 a6 8.
O-O-O e6 9. f4 Be7 10. Nf3 b5 11. e5 b4 12. exf6 bxc3 13. Qxc3 gxf6 14. Bh4 Rb8
15. Kb1 Nb4 16. a3 Nd5 17. Rxd5 exd5 18. Bxa6 d4 19. Nxd4 d5 20. Re1 Qb6 21. Nb3
Kf8 22. Rxe7 Kxe7 23. Qe5+ Kf8 24. Bxf6 Re8 25. Nc5 Rxe5 26. Nxd7+ Ke8 27. Nxb6
Re1+ 28. Ka2 Rg8 29. Bb5+ Kf8 30. Nd7+ Ke8 31. Bc3 Rxg2 32. Bxe1 Rxh2 33. Nf6+
Kf8 34. Bd3 h5 35. Bb4+ Kg7 36. Bc3 Kf8 37. a4 h4 38. a5 Rf2 39. Bd4 h3 40. Bxf2
h2 41. Bc5+ 1-0

[Event "9th Sunway Sitges 2022"]
[Site "Sitges ESP"]
[Date "2022.12.19"]
[Round "7.64"]
[White "Narciso Dublan, Marc"]
[Black "Stanetzek, Carsten"]
[Result "1-0"]
[WhiteTitle "GM"]
[WhiteElo "2448"]
[BlackElo "2172"]
[WhiteFideId "2201500"]
[BlackFideId "4616634"]
[EventDate "2022.12.12"]

1. e4 e5 2. Nf3 Nc6 3. d4 exd4 4. Nxd4 Bc5 5. Be3 Qf6 6. c3 Nge7 7. Bc4 O-O 8.
O-O b6 9. a3 a5 10. Re1 Bb7 11. Bf1 d5 12. Nd2 Rfd8 13. Rc1 Qg6 14. Nxc6 Qxc6
15. Bxc5 Qxc5 16. e5 Ng6 17. Nf3 Qe7 18. g3 Nf8 19. Nd4 Ne6 20. Qc2 Qd7 21. f4
c5 22. Nf5 d4 23. Rcd1 Bf3 24. Rd2 g6 25. Nd6 Ra7 26. f5 Ng7 27. cxd4 Nxf5 28.
dxc5 bxc5 29. Qxc5 Qc7 30. Qf2 Nxd6 31. exd6 Qc6 32. Qxa7 1-0

[Event "9th Sunway Sitges 2022"]
[Site "Sitges ESP"]
[Date "2022.12.19"]
[Round "7.65"]
[White "Mannion, Stephen R"]
[Black "Baenziger, Fabian"]
[Result "1/2-1/2"]
[WhiteTitle "IM"]
[BlackTitle "IM"]
[WhiteElo "2233"]
[BlackElo "2426"]
[WhiteFideId "2400111"]
[BlackFideId "1330110"]
[EventDate "2022.12.12"]

1. e4 c5 2. Nf3 d6 3. d4 cxd4 4. Nxd4 Nf6 5. Nc3 a6 6. f3 e5 7. Nb3 Be6 8. Be3
h5 9. Nd5 Bxd5 10. exd5 Nbd7 11. Qd2 g6 12. O-O-O Nb6 13. Kb1 Nbxd5 14. Bg5 Be7
15. Bd3 Qc7 16. Rhe1 Nd7 17. Bxe7 Nxe7 18. Be4 O-O-O 19. Qxd6 Qxd6 20. Rxd6 Kc7
21. Red1 b6 22. c4 a5 23. Nc1 Nc5 24. Rxd8 Rxd8 25. Rxd8 Kxd8 26. Bc2 Kc7 27.
Ne2 Nc6 28. Nc3 Nb4 29. a3 Nxc2 30. Kxc2 a4 31. Kd2 Kc6 32. Ke3 Kd6 33. Nb5+ Kc6
34. Nc3 f5 35. h4 Kd6 36. Nb5+ Kc6 37. Nc3 Kd6 1/2-1/2

[Event "9th Sunway Sitges 2022"]
[Site "Sitges ESP"]
[Date "2022.12.19"]
[Round "7.66"]
[White "Dahale, Atul"]
[Black "Krastev, Alexander"]
[Result "1-0"]
[WhiteTitle "CM"]
[BlackTitle "IM"]
[WhiteElo "2222"]
[BlackElo "2416"]
[WhiteFideId "5037794"]
[BlackFideId "12989983"]
[EventDate "2022.12.12"]

1. e4 c5 2. b3 Nc6 3. Bb2 d6 4. f4 Nf6 5. Nc3 e6 6. Nf3 d5 7. e5 Nd7 8. g3 a6 9.
Bg2 Be7 10. O-O O-O 11. Qe2 Nb4 12. d4 cxd4 13. Nxd4 Bc5 14. Nd1 Qb6 15. c3 Nc6
16. Qd2 a5 17. Nf2 a4 18. b4 a3 19. bxc5 Qxb2 20. Qe3 Na5 21. Rfb1 Nc4 22. Qe1
Qd2 23. Qxd2 Nxd2 24. Rb5 Ra4 25. Rd1 Nc4 26. Nd3 Nb8 27. Rb4 Rxb4 28. cxb4 Nc6
29. Nb5 Nb2 30. Rd2 Nc4 31. Rc2 Bd7 32. Nd6 Nd4 33. Rf2 Bb5 34. Nxb7 Rb8 35. Nd6
Nxd6 36. exd6 Bxd3 37. Rd2 Ne2+ 38. Kf2 Nc1 39. c6 Bb5 40. c7 Rc8 41. Bf1 Bd7
42. b5 1-0

[Event "9th Sunway Sitges 2022"]
[Site "Sitges ESP"]
[Date "2022.12.19"]
[Round "7.67"]
[White "Bai, Adelard"]
[Black "Wong, Zhenyong Jayden"]
[Result "1-0"]
[WhiteTitle "FM"]
[BlackTitle "CM"]
[WhiteElo "2411"]
[BlackElo "2181"]
[WhiteFideId "16301188"]
[BlackFideId "5821975"]
[EventDate "2022.12.12"]

1. d4 Nf6 2. c4 e6 3. Nf3 c5 4. d5 d6 5. Nc3 exd5 6. cxd5 g6 7. Bf4 a6 8. a4 Bg7
9. h3 O-O 10. e3 Ne8 11. Be2 Nd7 12. O-O Ne5 13. Qd2 Nxf3+ 14. Bxf3 Rb8 15. a5
b5 16. axb6 Qxb6 17. Ra2 f5 18. Rc1 Bd7 19. Be2 Nc7 20. Bc4 Rfe8 21. b3 Be5 22.
Bxe5 Rxe5 23. Rca1 Bb5 24. Qd3 Rf8 25. g3 Re7 26. h4 h6 27. Kg2 Kg7 28. h5 g5
29. e4 Bd7 30. f3 Qb4 31. Re2 fxe4 32. Nxe4 g4 33. f4 Bf5 34. Ra4 Qb6 35. Qc3+
Kg8 36. Nf6+ Kf7 37. Rxe7+ Kxe7 38. Nxg4 Be4+ 39. Kh2 Bxd5 40. Bxd5 Nxd5 41.
Qg7+ 1-0

[Event "9th Sunway Sitges 2022"]
[Site "Sitges ESP"]
[Date "2022.12.19"]
[Round "7.68"]
[White "Webb, Laurence E"]
[Black "Song, Julien"]
[Result "0-1"]
[WhiteTitle "FM"]
[BlackTitle "IM"]
[WhiteElo "2201"]
[BlackElo "2369"]
[WhiteFideId "402389"]
[BlackFideId "659487"]
[EventDate "2022.12.12"]

1. e4 c5 2. Nf3 e6 3. c3 Nf6 4. Bd3 Nc6 5. Bc2 Be7 6. O-O b6 7. Re1 Bb7 8. a3 c4
9. e5 Nd5 10. d4 Qc7 11. Nbd2 Na5 12. Ne4 h6 13. h4 O-O-O 14. Rb1 Kb8 15. Qe2
Rc8 16. Bd2 f5 17. Nd6 Rcg8 18. Nxb7 Qxb7 19. b3 Rc8 20. b4 Nc6 21. h5 Rhg8 22.
Nh2 g6 23. g3 gxh5 24. Qxh5 Bg5 25. Qe2 h5 26. Nf1 h4 27. Bd1 hxg3 28. fxg3 f4
29. Rc1 Rcf8 30. Qe4 Bh4 31. Bf3 Nce7 32. g4 Bxe1 33. Bxe1 Nf5 34. Rc2 Qa6 35.
Rg2 Nfe3 36. Nxe3 fxe3 37. Be2 Qxa3 38. Bxc4 Qc1 39. Re2 Rf4 40. Bxd5 Rgxg4+ 41.
Qg2 exd5 0-1

[Event "9th Sunway Sitges 2022"]
[Site "Sitges ESP"]
[Date "2022.12.19"]
[Round "7.69"]
[White "Arjun, C Krishnamachari"]
[Black "Fitzsimons, David"]
[Result "0-1"]
[BlackTitle "IM"]
[WhiteElo "2241"]
[BlackElo "2352"]
[WhiteFideId "46653252"]
[BlackFideId "2501961"]
[EventDate "2022.12.12"]

1. e4 c5 2. c3 d5 3. exd5 Qxd5 4. d4 e6 5. Nf3 Nf6 6. Bd3 Be7 7. O-O O-O 8. Qe2
Nbd7 9. Nbd2 cxd4 10. cxd4 b6 11. Ne5 Bb7 12. Ndf3 Nxe5 13. dxe5 Nd7 14. Rd1 Qc5
15. Bxh7+ Kxh7 16. Rxd7 Bxf3 17. gxf3 Kg8 18. Qe4 Rad8 19. Be3 Rxd7 20. Bxc5
Bxc5 21. b4 Rd4 22. bxc5 Rxe4 23. fxe4 bxc5 24. Rc1 Rc8 25. Rc4 Kf8 26. Kf1 Ke7
27. Ke2 f6 28. exf6+ Kxf6 29. h4 g5 30. h5 g4 31. h6 Kg6 32. e5 Kf5 33. Kf1 Rh8
34. Kg2 Rxh6 35. Rxc5 Rh7 36. a4 Rd7 37. a5 Rd5 38. Rc4 Rxa5 39. Kg3 Ra3+ 40.
Kg2 a5 41. Rc5 a4 42. Rc8 Rb3 43. Rc4 a3 44. Ra4 Kxe5 45. Rxg4 Rb2 46. Ra4 a2
47. Kg3 Kd5 48. f4 Kc5 49. Kg4 Kb5 50. Ra8 Kc4 51. Kg5 Kb3 52. Kf6 Rf2 53. Ke5
Kb2 54. Rb8+ Kc1 55. Rc8+ Kb1 56. Rb8+ Rb2 57. Ra8 Re2+ 0-1